|
|
|
|
| LEADER |
00000nam a22000007a 4500 |
| 005 |
2022051906156.0 |
| 007 |
cr|||| |||| |
| 008 |
220519c20199999us fr|w s|||| 0|||b1eng d |
| 022 |
|
|
|a 2639-541X
|
| 035 |
|
|
|a 36232
|
| 040 |
|
|
|a vLex
|
| 090 |
|
|
|c 13368
|d 13368
|
| 245 |
0 |
0 |
|a World Water Policy
|h [Recurso electrn̤ico] /
|
| 256 |
|
|
|a Servicio en ln̕ea
|
| 260 |
|
|
|a Hoboken:
|b Wiley,
|c 2019 -
|
| 300 |
|
|
|a 1 recurso electrn̤ico
|
| 310 |
|
|
|a Semestral
|
| 500 |
|
|
|a World Water Policy (WWP) is a unique, peer-reviewed English language journal devoted to creating a platform for the world's emerging water leaders and thinkers. The journal is dedicated to encouraging and disseminating new thinking about water policy and practice, about the education that supports it, and about the interrelationships between them.
|
| 506 |
1 |
|
|a Disponible solo en los productos indicados
|d vLex Global
|d vLex Global (Academic Edition, excluding Law Schools)
|d vLex Global (Academic Edition, Law Schools)
|
| 650 |
0 |
4 |
|a Derecho Comunitario
|z Estados Unidos
|
| 650 |
0 |
4 |
|a Derecho Internacional
|z Estados Unidos
|
| 740 |
0 |
|
|a vLex Revistas (Servicio en ln̕ea)
|
| 856 |
4 |
0 |
|u https://app.vlex.com/#/sources/36232
|z Acceso restringido
|
| 942 |
|
|
|c REV
|
| 999 |
0 |
|
|a Community Law
|
| 999 |
0 |
|
|a International Law
|